书目信息 |
| 题名: |
燃气输配工程施工技术
|
|
| 作者: | 戴路 编著 | |
| 分册: | ||
| 出版信息: | 北京 中国建筑工业出版社 2006.09 |
|
| 页数: | 442页 | |
| 开本: | 27cm | |
| 丛书名: | ||
| 单 册: | ||
| 中图分类: | TU996.6 | |
| 科图分类: | ||
| 主题词: | 煤气输配--mei qi shu pei--工程施工 | |
| 电子资源: | ||
| ISBN: | 7-112-08750-3 | |
| 000 | 00885nam0 2200217 450 | |
| 001 | 012007298724 | |
| 005 | 20070509154446.81 | |
| 010 | @a7-112-08750-3@b精装@dCNY53.00 | |
| 100 | @a20070401d2006 km y0chiy0120 ea | |
| 101 | 0 | @achi |
| 102 | @aCN@b110000 | |
| 105 | @aak z 000yy | |
| 200 | 1 | @a燃气输配工程施工技术@Aran qi shu pei gong cheng shi gong ji shu@f戴路编著@Fdai lu bian zhu |
| 210 | @a北京@c中国建筑工业出版社@d2006.09 | |
| 215 | @a442页@c图@d27cm | |
| 330 | @a本书是一部内容比较系统完整的燃气工程施工的工具书。本书简略全面地介绍了燃气输配工程施工的理论和方法;施工技术要点和特点;国内外先进的施工技术和施工管理模式;带用标准和验收规范;以及交工记录等资料。本书具有系统性、完整性、时效性和实用性的特点。 | |
| 606 | 0 | @a煤气输配@Amei qi shu pei@x工程施工 |
| 690 | @aTU996.6@v4 | |
| 701 | 0 | @a戴路@Adai lu@4编著 |
| 801 | 0 | @aCN@c20070509 |
| 905 | @a10447@dTU996.6@eD118 | |
| 燃气输配工程施工技术/戴路编著.-北京:中国建筑工业出版社,2006.09 |
| 442页:图;27cm |
| ISBN 7-112-08750-3(精装):CNY53.00 |
| 本书是一部内容比较系统完整的燃气工程施工的工具书。本书简略全面地介绍了燃气输配工程施工的理论和方法;施工技术要点和特点;国内外先进的施工技术和施工管理模式;带用标准和验收规范;以及交工记录等资料。本书具有系统性、完整性、时效性和实用性的特点。 |
| ● |
| 相关链接 |
|
|
|
正题名:燃气输配工程施工技术
索取号:TU996.6/D118
 
预约/预借
| 序号 | 登录号 | 条形码 | 馆藏地/架位号 | 状态 | 备注 |
| 1 | 239340 | 202393409 | 建筑库201/ [索取号:TU996.6/D118] | 在馆 | |
| 2 | 239341 | 202393418 | 建筑库201/ [索取号:TU996.6/D118] | 在馆 | |
| 3 | 239342 | 202393427 | 建筑库201/201建筑库 137排2列2层/ [索取号:TU996.6/D118] | 在馆 |